ბათუმის შოთა რუსთაველის სახელმწიფო უნივერსიტეტის ბიბლიოთეკა

საავტოტრაქტორო საექსპლოატაციო მასალები : (ბიბ.ჩანაწერი № 39207)

000 -ლიდერი
ფიქსირებული სიგრძის საკონტროლო ველი 01014nam a2200217Ia 4500
001 - საკონტროლო ნომერი
საკონტროლო ველი 5793
003 - საკონტროლო ნომრის იდენტიფიკატორი
საკონტროლო ველი GE_BSU
005 - ბოლო ოპერაციის თარიღი და დრო
საკონტროლო ველი 20190602015312.0
008 - ფიქსირებული სიგრძის მონაცემთა ელემენტები - ზოგადი ინფორმაცია
ფიქსირებული სიგრძის საკონტროლო ველი 181216s1975||||ge |||||||||||||| ||geo||
040 ## - კატალოგიზაციის წყარო
Transcribing agency GE_BSU
041 ## - ენის კოდი
Language code of text/sound track or separate title geo
080 ## - უნივერსალური ათობითი კლასიფიკაციის ინდექსი
Universal Decimal Classification number 629.114/115 + 662.6/.9 მ-40
100 ## - მთავარი ჩანაწერი - პიროვნების სახელი
Personal name მაღალაშვილი, ვ.
9 (RLIN) 1956
245 ## - ცნობა სათაურის შესახებ
Title საავტოტრაქტორო საექსპლოატაციო მასალები :
Remainder of title სახელმძღვ. /
Statement of responsibility, etc ვ. მაღალაშვილი ; რედ. ალ. ქებულაძე.
264 ## - წარმოების, გამოცემის, დისტრიბუციის და სხვა ცნობები
გამოცემის, წარმოების, დისტრიბუციის... ადგილი თბილისი :
გამოცემის, წარმოების, დისტრიბუციის... სახელწოდება განათლება,
გამოცემის, წარმოების, დისტრიბუციის... თარიღი 1975.
300 ## - ფიზიკური აღწერა
Extent 131 გვ. :
Other physical details ნახაზები ;
Dimensions 20 სმ.
504 ## - BIBLIOGRAPHY, ETC. NOTE
Bibliography, etc ბიბლიოგრ. : გვ.128.
653 ## - INDEX TERM--UNCONTROLLED
Uncontrolled term საავტოტრაქტორო საექსპლოატაციო მასალები
700 ## - ADDED ENTRY--PERSONAL NAME
Personal name ქებულაძე. ალ.
Relator term რედაქტორი
9 (RLIN) 1267
942 ## - ADDED ENTRY ELEMENTS (KOHA)
Koha item type წიგნი
Source of classification or shelving scheme
ეგზემპლარები
ჩამოწერის სტატუსი დაკარგული ეგზემპლარის სტატუსი კლასიფიკაციის წყარო ან თაროზე გაწყობის სქემა დაზიანების სტატუსი არ გაიცემა მუდმივი მდებარეობა (დაცვის ადგილი) ამჟამინდელი ადგილსამყოფელი თაროზე განთავსების ადგილი შეძენის თარიღი ღირებულება, შესყიდვის ნორმალური ფასი სრული შენახვის შიფრი შტრიხკოდი ბოლო ოპერაციის თარიღი ეგზემპლარის მიმდევრობითი ნომერი (კეტერი?) ფასის ძალაში შესვლის თარიღი ეგზემპლარის სახეობა საჯარო შენიშვნა
          ტექნოლოგიური ფაკულტეტის ბიბლიოთეკა ტექნოლოგიური ფაკულტეტის ბიბლიოთეკა წიგნსაცავი 2018-12-17 0.60 629.114/115 + 662.6/.9 მ-40 12074 2018-12-17 12074 2018-12-17 წიგნი 0.60 ლ.
          ტექნოლოგიური ფაკულტეტის ბიბლიოთეკა ტექნოლოგიური ფაკულტეტის ბიბლიოთეკა წიგნსაცავი 2018-12-17 0.60 629.114/115 + 662.6/.9 მ-40 12075 2018-12-17 12075 2018-12-17 წიგნი 0.60 ლ.